Uncertain rule based fuzzy logic systems , introduction and new directions (Record no. 571211)

000 -LEADER
fixed length control field 00494nam a22001817a 4500
003 - CONTROL NUMBER IDENTIFIER
control field CEME
005 - DATE AND TIME OF LATEST TRANSACTION
control field 20210628202839.0
008 - FIXED-LENGTH DATA ELEMENTS--GENERAL INFORMATION
fixed length control field 210120b xxu||||| |||| 00| 0 eng d
020 ## - INTERNATIONAL STANDARD BOOK NUMBER
International Standard Book Number 0-13-040969-3
040 ## - CATALOGING SOURCE
Transcribing agency CEME
082 ## - DEWEY DECIMAL CLASSIFICATION NUMBER
Classification number 511.1 MEN
100 ## - MAIN ENTRY--PERSONAL NAME
Personal name Mendel, Jerry .M
9 (RLIN) 61935
245 ## - TITLE STATEMENT
Title Uncertain rule based fuzzy logic systems , introduction and new directions
260 ## - PUBLICATION, DISTRIBUTION, ETC.
Place of publication, distribution, etc. NEW YORK
Name of publisher, distributor, etc. PRENTICE HALL
Date of publication, distribution, etc. 2001
300 ## - PHYSICAL DESCRIPTION
Extent XV,555 P
650 ## - SUBJECT ADDED ENTRY--TOPICAL TERM
Topical term or geographic name entry element FUZZY LOGIC
9 (RLIN) 60142
942 ## - ADDED ENTRY ELEMENTS (KOHA)
Koha item type Book
Source of classification or shelving scheme
Holdings
Withdrawn status Lost status Source of classification or shelving scheme Damaged status Not for loan Permanent Location Current Location Shelving location Date acquired Full call number Barcode Date last seen Price effective from Koha item type Public note
          College of Electrical & Mechanical Engineering (CEME) College of Electrical & Mechanical Engineering (CEME) General Stacks 07/21/2017 511.1 MEN CEME-42524 06/28/2021 06/28/2021 Book 3.6
© 2023 Central Library, National University of Sciences and Technology. All Rights Reserved.